Critical studies in American literature; (Record no. 65978)

MARC details
000 -LEADER
fixed length control field 00699cam a22002291 4500
001 - CONTROL NUMBER
control field sa 65008969
003 - CONTROL NUMBER IDENTIFIER
control field DLC
005 - DATE AND TIME OF LATEST TRANSACTION
control field 20260227112159.0
008 - FIXED-LENGTH DATA ELEMENTS--GENERAL INFORMATION
fixed length control field 811214s1964 pk 000 0 eng
010 ## - LIBRARY OF CONGRESS CONTROL NUMBER
LC control number sa 65008969
025 ## - OVERSEAS ACQUISITION NUMBER
Overseas acquisition number PL480:P-E-763
035 ## - SYSTEM CONTROL NUMBER
System control number (OCoLC)7992505
040 ## - CATALOGING SOURCE
Original cataloging agency DLC
Transcribing agency ViU
Modifying agency DLC
042 ## - AUTHENTICATION CODE
Authentication code premarc
050 00 - LIBRARY OF CONGRESS CALL NUMBER
Classification number PS55
Item number .A7
100 1# - MAIN ENTRY--PERSONAL NAME
Personal name Anderson, David D.
245 10 - TITLE STATEMENT
Title Critical studies in American literature;
Remainder of title a collection of essays
Statement of responsibility, etc. by David D. Anderson.
250 ## - EDITION STATEMENT
Edition statement [1st ed.
260 ## - PUBLICATION, DISTRIBUTION, ETC.
Place of publication, distribution, etc. Karachi]
Name of publisher, distributor, etc. Bureau of Composition, and Translation, University of Karachi
Date of publication, distribution, etc. [1964]
300 ## - PHYSICAL DESCRIPTION
Extent 141 p.
Dimensions 22 cm.
650 #0 - SUBJECT ADDED ENTRY--TOPICAL TERM
Topical term or geographic name entry element American literature
General subdivision History and criticism.

No items available.

Powered by Koha